[Event "DEM U12/U12w 2006"]
[Site "Willingen GER"]
[Date "2006.06.05"]
[Round "4"]
[White "Gisy, Roberto"]
[Black "Gerntke, Oliver"]
[Result "1/2-1/2"]
[Termination "normal"]
[Board "26"]
[WhiteElo "1540"]
[BlackElo "1352"]
[PlyCount "50"]
[BlackFideId "24647977"]
[EventCountry "GER"]
[EventRounds "11"]
[EventType "swiss"]
[EventDate "2006.06.03"]

1. e4 e6 2. Nf3 c5 3. c3 d5 4. exd5 exd5 5. d4 cxd4 6. Nxd4 Nc6 7. Bf4 Bd6 8.
Bxd6 Qxd6 9. Na3 a6 10. Be2 Nge7 11. O-O O-O 12. Nac2 Nf5 13. Bf3 Nfxd4 14.
Nxd4 Nxd4 15. Qxd4 Be6 16. Rad1 Rfd8 17. c4 Rab8 18. cxd5 Bf5 19. Be4 Bxe4 20.
Qxe4 Qf6 21. b3 Re8 22. Qf3 Qxf3 23. gxf3 Rbd8 24. Rd2 Re5 25. Rfd1 Kf8 1/2-1/2

[Event "DEM U12/U12w 2006"]
[Site "Willingen GER"]
[Date "2006.06.05"]
[Round "4"]
[White "Iwanziw, Niklas"]
[Black "Spangenberg, Romy"]
[Result "1-0"]
[Termination "normal"]
[Board "27"]
[WhiteElo "1515"]
[BlackElo "1344"]
[PlyCount "131"]
[WhiteFideId "24647101"]
[BlackFideId "4627997"]
[EventCountry "GER"]
[EventRounds "11"]
[EventType "swiss"]
[EventDate "2006.06.03"]

1. d4 d5 2. c4 e5 3. dxe5 d4 4. Nf3 Nc6 5. a3 f6 6. exf6 Nxf6 7. e3 dxe3 8.
Qxd8+ Nxd8 9. Bxe3 Bd6 10. h3 O-O 11. Bd3 Ne6 12. O-O Nc5 13. Bc2 Be6 14. Nbd2
c6 15. Rac1 Rac8 16. b4 Ncd7 17. Ng5 Rfe8 18. Nxe6 Rxe6 19. Bb3 c5 20. Ba2 Ree8
21. Nb3 Kh8 22. Bb1 b6 23. Rcd1 Bf8 24. Bf5 Red8 25. bxc5 bxc5 26. Bd2 Rb8 27.
Na5 Ne5 28. Bf4 Rxd1 29. Rxd1 Re8 30. Bxe5 Rxe5 31. Rd8 Re8 32. Rxe8 Nxe8 33.
Nc6 a6 34. Bc8 Nc7 35. Nb8 a5 36. a4 Kg8 37. Nc6 Kf7 38. Nxa5 Ke7 39. Nc6+ Kd6
40. Bb7 Ne6 41. a5 Kc7 42. a6 Kb6 43. Ne5 Nc7 44. Nd7+ Ka7 45. Nxf8 Nxa6 46.
Bxa6 Kxa6 47. Nxh7 Ka5 48. Ng5 Kb4 49. Ne6 Kxc4 50. g4 Kd5 51. Nxc5 Kxc5 52.
Kg2 Kd5 53. Kg3 Ke5 54. f4+ Kf6 55. h4 g6 56. Kf3 Kf7 57. Ke4 Ke6 58. f5+ gxf5+
59. gxf5+ Kf6 60. Kf4 Kf7 61. Kg5 Kg7 62. f6+ Kf7 63. h5 Kf8 64. Kg6 Kg8 65.
f7+ Kh8 66. f8=R# 1-0

[Event "DEM U12/U12w 2006"]
[Site "Willingen GER"]
[Date "2006.06.05"]
[Round "4"]
[White "Veit, Björn"]
[Black "Chernova, Margarita"]
[Result "0-1"]
[Termination "normal"]
[Board "28"]
[WhiteElo "1500"]
[BlackElo "1248"]
[PlyCount "48"]
[WhiteFideId "24600717"]
[EventCountry "GER"]
[EventRounds "11"]
[EventType "swiss"]
[EventDate "2006.06.03"]

1. e4 e5 2. Nf3 Nc6 3. Bc4 Nf6 4. Ng5 d5 5. exd5 b5 6. Bxb5 Qxd5 7. Bxc6+ Qxc6
8. Qf3 Bb7 9. Qxc6+ Bxc6 10. O-O h6 11. Nf3 Bd6 12. d4 Bxf3 13. dxe5 Bb7 14.
exf6 gxf6 15. Re1+ Kd7 16. Nc3 Rhg8 17. Ne4 Rg6 18. g3 Re8 19. Bf4 Bxe4 20.
Bxd6 cxd6 21. c4 f5 22. c5 dxc5 23. Rad1+ Kc6 24. Rd2 Rge6 0-1

[Event "DEM U12/U12w 2006"]
[Site "Willingen GER"]
[Date "2006.06.05"]
[Round "4"]
[White "Matschewsky, Justus"]
[Black "Schreiner, Till"]
[Result "1-0"]
[Termination "normal"]
[Board "29"]
[WhiteElo "1449"]
[BlackElo "1499"]
[PlyCount "75"]
[WhiteFideId "24678708"]
[BlackFideId "24675555"]
[EventCountry "GER"]
[EventRounds "11"]
[EventType "swiss"]
[EventDate "2006.06.03"]

1. e4 c5 2. Nf3 d6 3. d4 cxd4 4. Nxd4 Nf6 5. Nc3 a6 6. Bc4 e6 7. Be3 b5 8. Bb3
Be7 9. Qf3 Bb7 10. O-O O-O 11. a3 Nbd7 12. Rfe1 Qc7 13. Bxe6 fxe6 14. Nxe6 Qc4
15. Nxf8 Rxf8 16. Qh3 Ne5 17. f3 d5 18. Qe6+ Rf7 19. Qxe5 Nd7 20. Qd4 dxe4 21.
Qxc4 bxc4 22. Nxe4 Bxe4 23. fxe4 Bf6 24. c3 Ne5 25. Bd4 Nd3 26. Re2 Rb7 27.
Bxf6 gxf6 28. h3 Rxb2 29. Rxb2 Nxb2 30. Rb1 Na4 31. Rb4 Nxc3 32. Rxc4 Nb5 33.
Rc6 a5 34. Rxf6 Nxa3 35. e5 Nc4 36. e6 Kg7 37. Rf5 Nd6 38. e7 1-0

[Event "DEM U12/U12w 2006"]
[Site "Willingen GER"]
[Date "2006.06.05"]
[Round "4"]
[White "Schmitz, Stefan"]
[Black "Seel, Eric"]
[Result "1-0"]
[Termination "normal"]
[Board "30"]
[WhiteElo "1526"]
[BlackElo "897"]
[PlyCount "73"]
[WhiteFideId "4625730"]
[EventCountry "GER"]
[EventRounds "11"]
[EventType "swiss"]
[EventDate "2006.06.03"]

1. e4 e5 2. Nf3 Nc6 3. Nc3 Bc5 4. Nxe5 Nxe5 5. d4 Bd6 6. dxe5 Bxe5 7. Qd3 Nf6
8. Bd2 c6 9. f3 O-O 10. O-O-O a5 11. Bg5 h6 12. Be3 b5 13. g4 b4 14. Ne2 a4 15.
g5 hxg5 16. Bxg5 Qa5 17. f4 Bc7 18. e5 Nh7 19. h4 Re8 20. Re1 Rb8 21. Bh3 b3
22. a3 bxc2 23. Reg1 Nxg5 24. hxg5 Bxe5 25. fxe5 Qxe5 26. Nc3 d5 27. Bxc8 Rbxc8
28. Kxc2 Ra8 29. Re1 Qxe1 30. Qh7+ Kf8 31. Qh8+ Ke7 32. Rxe1+ Kd7 33. Rxe8 Rxe8
34. Qxg7 Re7 35. Qf6 c5 36. Qf5+ Ke8 37. Qc8# 1-0

[Event "DEM U12/U12w 2006"]
[Site "Willingen GER"]
[Date "2006.06.05"]
[Round "4"]
[White "Thanabalasingam, Ajandhan"]
[Black "Hümmecke, Miriam"]
[Result "1/2-1/2"]
[Termination "normal"]
[Board "31"]
[WhiteElo "1488"]
[BlackElo "1295"]
[PlyCount "56"]
[WhiteFideId "24601659"]
[EventCountry "GER"]
[EventRounds "11"]
[EventType "swiss"]
[EventDate "2006.06.03"]

1. e4 e5 2. Nf3 Nc6 3. Bb5 a6 4. Ba4 Nf6 5. O-O b5 6. Bb3 d6 7. Re1 Bg4 8. c3
Be7 9. h3 Bh5 10. d3 Na5 11. Bc2 c5 12. Nbd2 O-O 13. Nf1 Bg6 14. Ng3 Qc7 15.
Kh1 Rac8 16. Be3 c4 17. d4 Nc6 18. d5 Nb8 19. Nh4 Nbd7 20. Nhf5 Rfe8 21. Kh2 a5
22. a3 Nc5 23. f3 a4 24. Rh1 Qb7 25. Kg1 Nh5 26. Nxh5 Bxh5 27. Ng3 Bg6 28. h4
h5 1/2-1/2

[Event "DEM U12/U12w 2006"]
[Site "Willingen GER"]
[Date "2006.06.05"]
[Round "4"]
[White "Grzeca, Pascal"]
[Black "Stark, Saskia"]
[Result "0-1"]
[Termination "normal"]
[Board "32"]
[WhiteElo "1359"]
[BlackElo "1484"]
[PlyCount "58"]
[WhiteFideId "24600741"]
[BlackFideId "4601050"]
[EventCountry "GER"]
[EventRounds "11"]
[EventType "swiss"]
[EventDate "2006.06.03"]

1. e4 c5 2. Nf3 e6 3. d4 cxd4 4. Nxd4 Nc6 5. Be3 a6 6. Qd2 Nge7 7. Nc3 Nxd4 8.
Bxd4 Nc6 9. Be3 b5 10. Bd3 Be7 11. O-O-O O-O 12. f3 Na5 13. Qf2 Rb8 14. h4 Qc7
15. g4 b4 16. Na4 Nc4 17. Bxc4 Qxc4 18. b3 Qc6 19. g5 d6 20. h5 f6 21. g6 h6
22. Qd2 Rb7 23. Rdg1 Rc7 24. Rg2 f5 25. Bxh6 gxh6 26. g7 Rf6 27. exf5 Qxf3 28.
fxe6 Bxe6 29. Rgg1 Bf5 0-1

[Event "DEM U12/U12w 2006"]
[Site "Willingen GER"]
[Date "2006.06.05"]
[Round "4"]
[White "Kusmierek, Kasper"]
[Black "Düssler, Stefanie"]
[Result "1/2-1/2"]
[Termination "normal"]
[Board "33"]
[WhiteElo "1475"]
[BlackElo "1289"]
[PlyCount "55"]
[BlackFideId "4634780"]
[EventCountry "GER"]
[EventRounds "11"]
[EventType "swiss"]
[EventDate "2006.06.03"]

1. e4 e5 2. Nc3 Nf6 3. f4 d6 4. Nf3 Bg4 5. h3 Bxf3 6. Qxf3 Nbd7 7. Bc4 c6 8. d3
Be7 9. Be3 Nb6 10. Bb3 Qc7 11. O-O-O Nbd7 12. g4 g6 13. f5 h6 14. h4 Rh7 15.
Rdf1 O-O-O 16. fxg6 fxg6 17. Qg2 h5 18. gxh5 gxh5 19. Be6 Kb8 20. Qg1 b5 21. a3
a5 22. Bxd7 Nxd7 23. Qg6 Rdh8 24. Rf7 Rxf7 25. Qxf7 Qd8 26. Kb1 Kc7 27. Qf2 Qf8
28. Qe1 1/2-1/2

[Event "DEM U12/U12w 2006"]
[Site "Willingen GER"]
[Date "2006.06.05"]
[Round "4"]
[White "Schubert, Torsten"]
[Black "Rafayevych, Vilen"]
[Result "0-1"]
[Termination "normal"]
[Board "34"]
[WhiteElo "1347"]
[BlackElo "1448"]
[PlyCount "92"]
[BlackFideId "24673897"]
[EventCountry "GER"]
[EventRounds "11"]
[EventType "swiss"]
[EventDate "2006.06.03"]

1. e4 c5 2. Nf3 a6 3. d4 cxd4 4. Nxd4 Nf6 5. Nc3 e5 6. Nf5 d5 7. Ng3 Bb4 8. Bd2
dxe4 9. Ngxe4 Nxe4 10. Nxe4 Bxd2+ 11. Qxd2 Qxd2+ 12. Nxd2 Bf5 13. O-O-O Nc6 14.
Nc4 O-O 15. Nd6 Bg6 16. Nxb7 Nb4 17. c3 Nxa2+ 18. Kd2 Rfb8 19. Ra1 Rxb7 20.
Rxa2 Bb1 21. Rxa6 Rxa6 22. Bxa6 Rxb2+ 23. Kc1 Rb6 24. Rd1 h6 25. Rd5 Rxa6 26.
Kxb1 f6 27. c4 Rc6 28. c5 Kf7 29. Rd7+ Kf8 30. Rd8+ Ke7 31. Rd5 Ke6 32. Rd6+
Rxd6 33. cxd6 Kxd6 34. Kc2 Kd5 35. Kd3 f5 36. f3 e4+ 37. fxe4+ fxe4+ 38. Ke3
Ke5 39. h3 Kd5 40. g3 Ke5 41. g4 g5 42. Ke2 Kf4 43. Kf2 e3+ 44. Kg2 Ke4 45. Kf1
Kf3 46. Ke1 e2 0-1

[Event "DEM U12/U12w 2006"]
[Site "Willingen GER"]
[Date "2006.06.05"]
[Round "4"]
[White "Weber, Max"]
[Black "Fittkau, Nico"]
[Result "1-0"]
[Termination "normal"]
[Board "35"]
[WhiteElo "1333"]
[BlackElo "1436"]
[PlyCount "133"]
[WhiteFideId "4624831"]
[EventCountry "GER"]
[EventRounds "11"]
[EventType "swiss"]
[EventDate "2006.06.03"]

1. e4 c6 2. d4 d5 3. Nc3 dxe4 4. Nxe4 Bf5 5. Ng3 Bg6 6. Nf3 Nd7 7. Bd3 Bxd3 8.
Qxd3 Ngf6 9. O-O Qc7 10. c4 e6 11. Re1 Bd6 12. Nf5 O-O 13. Nxd6 Qxd6 14. Bg5
Rfd8 15. Rad1 a5 16. a3 Qc7 17. Qc2 Rdb8 18. Bh4 Rc8 19. Bg3 Qd8 20. Qd3 Nb6
21. Ne5 Nfd7 22. Nf3 Nf6 23. Qb3 a4 24. Qb4 Ra7 25. Ng5 Nbd7 26. Nf3 Qb6 27.
Qxb6 Nxb6 28. Rc1 Nbd7 29. Ne5 Rd8 30. Nxd7 Rxd7 31. Rcd1 Ra8 32. f3 Rad8 33.
Bf2 c5 34. d5 exd5 35. Bxc5 dxc4 36. Rxd7 Rxd7 37. Bb6 Rd6 38. Bc5 Rc6 39. Rd1
h6 40. Bb4 Kh7 41. Rd8 Kg6 42. Kf2 Re6 43. Rc8 b5 44. Ba5 Nh5 45. Rc5 Nf4 46.
Kg3 Nh5+ 47. Kf2 Nf4 48. Kg3 Ne2+ 49. Kf2 Nd4 50. Rd5 Re2+ 51. Kf1 Rxb2 52.
Rxd4 Rb3 53. Bb4 c3 54. Rd6+ Kf5 55. Rc6 Rb1+ 56. Ke2 Rg1 57. Kf2 Ra1 58. Rxc3
Ra2+ 59. Kg3 g5 60. Rc5+ Kg6 61. Rxb5 Ra1 62. Ra5 Rf1 63. Rxa4 f5 64. h3 f4+
65. Kh2 Kh5 66. Ra8 Kh4 67. a4 1-0

[Event "DEM U12/U12w 2006"]
[Site "Willingen GER"]
[Date "2006.06.05"]
[Round "4"]
[White "Rozenfeld, Elisabeth"]
[Black "von Schwerin, Clemens"]
[Result "0-1"]
[Termination "normal"]
[Board "36"]
[WhiteElo "1271"]
[BlackElo "1423"]
[PlyCount "76"]
[WhiteFideId "4624742"]
[BlackFideId "4613228"]
[EventCountry "GER"]
[EventRounds "11"]
[EventType "swiss"]
[EventDate "2006.06.03"]

1. e4 c5 2. Nf3 d6 3. d4 cxd4 4. Nxd4 Nf6 5. Nc3 g6 6. Be3 Bg7 7. Qd2 O-O 8.
O-O-O Ng4 9. f3 Nxe3 10. Qxe3 Nc6 11. Nb3 Bd7 12. Bc4 Ne5 13. Bd5 Qc7 14. Nd4
e6 15. Bb3 a6 16. h4 h5 17. Rdg1 b5 18. g4 b4 19. Na4 Qa5 20. Nxe6 Bxe6 21.
Bxe6 fxe6 22. Qb3 Rae8 23. Rg3 Nc6 24. c3 Qc7 25. Qc4 bxc3 26. Nxc3 d5 27. exd5
Qxg3 28. dxc6 Qxf3 29. Rd1 Qf4+ 30. Qxf4 Rxf4 31. c7 Rc4 32. Rd7 Be5 33. Rd8
Kf8 34. c8=Q Rxc8 35. Rd7 Bxc3 36. bxc3 Rxc3+ 37. Kb2 Rc5 38. gxh5 Rb8+ 0-1

[Event "DEM U12/U12w 2006"]
[Site "Willingen GER"]
[Date "2006.06.05"]
[Round "4"]
[White "Luther, Alexander"]
[Black "Schätz, Annika"]
[Result "1-0"]
[Termination "normal"]
[Board "37"]
[WhiteElo "1248"]
[BlackElo "1406"]
[PlyCount "75"]
[WhiteFideId "24682616"]
[BlackFideId "24674796"]
[EventCountry "GER"]
[EventRounds "11"]
[EventType "swiss"]
[EventDate "2006.06.03"]

1. e4 c5 2. c3 d6 3. d4 cxd4 4. cxd4 Nf6 5. Nc3 g6 6. Bb5+ Bd7 7. Bxd7+ Nbxd7
8. Nf3 Bg7 9. Bg5 O-O 10. O-O Rc8 11. Rc1 Qa5 12. Re1 Nb6 13. e5 dxe5 14. dxe5
Nfd5 15. b4 Nxc3 16. bxa5 Nxd1 17. axb6 Rxc1 18. Bxc1 Nc3 19. bxa7 Nxa2 20. Be3
Nc3 21. Ra1 Ra8 22. Kf1 f6 23. exf6 exf6 24. Nd4 Kf7 25. Ra3 Nd5 26. Nb5 Bf8
27. Rd3 Nxe3+ 28. fxe3 Ke7 29. Ke2 f5 30. Kf3 Bg7 31. e4 Be5 32. exf5 Bxh2 33.
fxg6 hxg6 34. Kg4 Bg1 35. Kg5 Bxa7 36. Ra3 Be3+ 37. Rxe3+ Kf8 38. Kxg6 1-0

[Event "DEM U12/U12w 2006"]
[Site "Willingen GER"]
[Date "2006.06.05"]
[Round "4"]
[White "Pohl, Theresa"]
[Black "Lang, Sascha"]
[Result "1/2-1/2"]
[Termination "normal"]
[Board "38"]
[WhiteElo "1225"]
[BlackElo "1400"]
[PlyCount "71"]
[EventCountry "GER"]
[EventRounds "11"]
[EventType "swiss"]
[EventDate "2006.06.03"]

1. d4 d5 2. Nf3 Nf6 3. e3 b6 4. Bd3 Bb7 5. O-O e6 6. Nbd2 c5 7. c3 Nbd7 8. Re1
c4 9. Bc2 b5 10. e4 dxe4 11. Nxe4 Bxe4 12. Bxe4 Nxe4 13. Rxe4 Nf6 14. Bg5 Be7
15. Bxf6 Bxf6 16. d5 Qb6 17. Qe2 O-O 18. dxe6 Rfe8 19. exf7+ Kxf7 20. Re1 Qc6
21. Re7+ Kf8 22. Re6 Rxe6 23. Qxe6 Qxe6 24. Rxe6 Re8 25. Re3 Rd8 26. Kf1 Kf7
27. Ke2 a5 28. Ne5+ Bxe5 29. Rxe5 Rb8 30. Ke3 Kf6 31. f4 h6 32. g3 a4 33. Ke4
g6 34. h4 b4 35. Kd4 a3 36. b3 1/2-1/2

[Event "DEM U12/U12w 2006"]
[Site "Willingen GER"]
[Date "2006.06.05"]
[Round "4"]
[White "Martens, Julian"]
[Black "Alber, Alexander"]
[Result "0-1"]
[Termination "normal"]
[Board "39"]
[WhiteElo "1067"]
[BlackElo "1398"]
[PlyCount "130"]
[WhiteFideId "24652890"]
[BlackFideId "4640039"]
[EventCountry "GER"]
[EventRounds "11"]
[EventType "swiss"]
[EventDate "2006.06.03"]

1. e4 c5 2. Nf3 e6 3. Nc3 a6 4. d3 Nc6 5. g3 d6 6. Bg2 Nf6 7. Bf4 Be7 8. O-O e5
9. Be3 O-O 10. Re1 Be6 11. Qd2 Qd7 12. Rad1 Nd4 13. Bxd4 cxd4 14. Ne2 Bh3 15.
c3 Bxg2 16. Kxg2 dxc3 17. bxc3 Rac8 18. Qc2 Qc6 19. d4 Qxe4 20. Qxe4 Nxe4 21.
Rc1 Ng5 22. dxe5 Nxf3 23. Kxf3 dxe5 24. Nf4 Ba3 25. Nd5 Bxc1 26. Ne7+ Kh8 27.
Nxc8 Rxc8 28. Rxc1 f6 29. h4 Kg8 30. c4 Kf7 31. Rc3 b5 32. Ke4 Ke6 33. c5 Rc6
34. a3 g6 35. f3 f5+ 36. Kd3 Kd5 37. f4 exf4 38. gxf4 Rxc5 39. Rxc5+ Kxc5 40.
Kc3 a5 41. Kd3 b4 42. axb4+ axb4 43. Ke3 b3 44. Kd3 b2 45. Kc2 b1=Q+ 46. Kxb1
Kd4 47. Kc2 Ke4 48. Kd2 Kxf4 49. Ke2 Kg4 50. Kf2 Kxh4 51. Kg2 h5 52. Kh2 g5 53.
Kg2 g4 54. Kh2 Kg5 55. Kg3 f4+ 56. Kh2 h4 57. Kg2 h3+ 58. Kh2 Kh4 59. Kh1 g3
60. Kg1 f3 61. Kh1 Kg4 62. Kg1 Kf4 63. Kh1 Ke3 64. Kg1 f2+ 65. Kh1 f1=Q# 0-1

[Event "DEM U12/U12w 2006"]
[Site "Willingen GER"]
[Date "2006.06.05"]
[Round "4"]
[White "Barzen, Pascal"]
[Black "Stoevesand, Eric"]
[Result "1-0"]
[Termination "normal"]
[Board "40"]
[WhiteElo "1390"]
[BlackElo "1244"]
[PlyCount "83"]
[WhiteFideId "24653497"]
[BlackFideId "24651117"]
[EventCountry "GER"]
[EventRounds "11"]
[EventType "swiss"]
[EventDate "2006.06.03"]

1. d4 d5 2. c4 c6 3. Nf3 Nf6 4. Nc3 e6 5. Bg5 Be7 6. e3 O-O 7. cxd5 exd5 8. Bd3
Be6 9. Bc2 Nbd7 10. Qd3 h6 11. Bh4 g6 12. Bg3 Bf5 13. Qd2 Be4 14. Nxe4 Nxe4 15.
Bxe4 dxe4 16. Ne5 Nf6 17. O-O Bd6 18. Qc2 Rc8 19. Qb3 b6 20. Nxg6 Re8 21. Ne5
Bxe5 22. Bxe5 c5 23. Rac1 Ng4 24. Bf4 h5 25. dxc5 bxc5 26. Rfd1 Qb6 27. Qxb6
axb6 28. Rd6 Rb8 29. h3 Ne5 30. Bxe5 Rxe5 31. Rcd1 Kh7 32. Rd7 Kg6 33. Kf1 f6
34. R1d5 Ree8 35. h4 Ra8 36. a3 Rac8 37. R5d6 Rb8 38. Rc7 Rf8 39. Ke2 Kf5 40.
f3 Ke5 41. Rcd7 f5 42. f4# 1-0

[Event "DEM U12/U12w 2006"]
[Site "Willingen GER"]
[Date "2006.06.05"]
[Round "4"]
[White "Böhme, Lasse"]
[Black "Kormann, Jewgenija"]
[Result "1-0"]
[Termination "normal"]
[Board "41"]
[WhiteElo "1378"]
[BlackElo "1236"]
[PlyCount "93"]
[WhiteFideId "1270626"]
[BlackFideId "24606669"]
[EventCountry "GER"]
[EventRounds "11"]
[EventType "swiss"]
[EventDate "2006.06.03"]

1. d4 d5 2. c4 c6 3. Nc3 Bf5 4. cxd5 cxd5 5. Qb3 Qd7 6. Qxd5 Nc6 7. Qxd7+ Bxd7
8. Nf3 Bg4 9. e3 Bxf3 10. gxf3 a6 11. Bd2 e6 12. Bc4 Rc8 13. b3 Nb4 14. Rc1 Nf6
15. O-O Be7 16. Rfd1 O-O 17. e4 Rfd8 18. Be3 h6 19. d5 exd5 20. Bxd5 Nbxd5 21.
Nxd5 Nxd5 22. Rxc8 Rxc8 23. Rxd5 Bf6 24. Rd7 b5 25. Rd6 Ra8 26. Kf1 Be5 27. Rd5
Bc3 28. Ke2 Bb4 29. Bd2 Ba3 30. Kd3 Bf8 31. Bf4 Rc8 32. Kd2 Bb4+ 33. Kd1 Rc6
34. Bd2 Ba5 35. f4 f6 36. Ke2 Bc7 37. Kd3 Kf7 38. Be3 g5 39. fxg5 fxg5 40. h3
Kg6 41. Rc5 Rd6+ 42. Rd5 Re6 43. Rd7 Be5 44. Bd4 Kf6 45. Bxe5+ Kxe5 46. Rd5+
Kf4 47. Rf5# 1-0

[Event "DEM U12/U12w 2006"]
[Site "Willingen GER"]
[Date "2006.06.05"]
[Round "4"]
[White "Dittmann, Jan"]
[Black "Gruber, Roland"]
[Result "0-1"]
[Termination "normal"]
[Board "42"]
[WhiteElo "1201"]
[BlackElo "1368"]
[PlyCount "56"]
[BlackFideId "1270975"]
[EventCountry "GER"]
[EventRounds "11"]
[EventType "swiss"]
[EventDate "2006.06.03"]

1. c4 e5 2. Nc3 Nf6 3. g3 Nc6 4. Bg2 Bb4 5. Nf3 d6 6. d3 h6 7. Bd2 O-O 8. O-O
Bf5 9. a3 Bxc3 10. Bxc3 e4 11. dxe4 Nxe4 12. Qc2 Nxg3 13. Qb3 Nxf1 14. Rxf1 Rb8
15. Rd1 Re8 16. e3 Qc8 17. Nd4 Bh3 18. Qc2 Bxg2 19. Kxg2 Qg4+ 20. Kh1 Qh5 21.
Rg1 Ne5 22. Nf5 g6 23. Bxe5 Rxe5 24. e4 Qf3+ 25. Rg2 Qxe4 26. Nxh6+ Kg7 27.
Qxe4 Rxe4 28. f3 Re1+ 0-1

[Event "DEM U12/U12w 2006"]
[Site "Willingen GER"]
[Date "2006.06.05"]
[Round "4"]
[White "Weißenburg, Isabel"]
[Black "Bohrmann, Sandra"]
[Result "1-0"]
[Termination "normal"]
[Board "43"]
[WhiteElo "1255"]
[BlackElo "1110"]
[PlyCount "61"]
[WhiteFideId "4612922"]
[BlackFideId "12905437"]
[EventCountry "GER"]
[EventRounds "11"]
[EventType "swiss"]
[EventDate "2006.06.03"]

1. e4 e5 2. Bc4 Bc5 3. Nf3 Nf6 4. d3 Nc6 5. c3 d6 6. h3 O-O 7. Bg5 Be6 8. Bb3
h6 9. Bh4 Bb6 10. Nbd2 Qe7 11. Nf1 Rad8 12. Ng3 g6 13. Qd2 Kg7 14. O-O d5 15.
Rad1 Rfe8 16. Qc1 Rd7 17. exd5 Bxd5 18. Bxd5 Rxd5 19. Ne4 Rd6 20. Nxd6 Qxd6 21.
Rfe1 Qe6 22. d4 e4 23. Nd2 Qxa2 24. Bxf6+ Kxf6 25. Nxe4+ Kg7 26. Qf4 Qxb2 27.
Qf6+ Kg8 28. Nd6 Rxe1+ 29. Rxe1 cxd6 30. Re8+ Kh7 31. Rh8# 1-0

[Event "DEM U12/U12w 2006"]
[Site "Willingen GER"]
[Date "2006.06.05"]
[Round "4"]
[White "Kühnel, Lena"]
[Black "Warmer, Marina"]
[Result "1-0"]
[Termination "normal"]
[Board "44"]
[WhiteElo "1243"]
[BlackElo "1036"]
[PlyCount "69"]
[WhiteFideId "24640956"]
[BlackFideId "12909840"]
[EventCountry "GER"]
[EventRounds "11"]
[EventType "swiss"]
[EventDate "2006.06.03"]

1. e4 e6 2. d4 d5 3. Nc3 Nf6 4. Bg5 Bb4 5. exd5 exd5 6. Bd3 Nc6 7. Nge2 a6 8.
O-O Qd6 9. Re1 Be6 10. a3 Ba5 11. h3 O-O-O 12. b4 Bb6 13. Bf4 Qe7 14. Be3 a5
15. b5 Nb8 16. Na4 Ba7 17. Qb1 Nbd7 18. Bd2 b6 19. Nf4 Rdg8 20. Nc3 g5 21.
Nfxd5 Nxd5 22. Nxd5 Qd6 23. Ne3 Qxd4 24. c3 Qe5 25. Nf5 Qf6 26. Nd4 h5 27. Bf5
Bd5 28. Be3 g4 29. Nc6 Bxc6 30. Bd4 Qg5 31. bxc6 f6 32. cxd7+ Kd8 33. Qe4 c5
34. Qc6 Qxf5 35. Qc8# 1-0

[Event "DEM U12/U12w 2006"]
[Site "Willingen GER"]
[Date "2006.06.05"]
[Round "4"]
[White "Marquardt, Annabelle"]
[Black "Kneip, Jakob"]
[Result "1/2-1/2"]
[Termination "normal"]
[Board "45"]
[WhiteElo "872"]
[BlackElo "1204"]
[PlyCount "84"]
[WhiteFideId "12900125"]
[BlackFideId "12912859"]
[EventCountry "GER"]
[EventRounds "11"]
[EventType "swiss"]
[EventDate "2006.06.03"]

1. e4 c5 2. Nf3 Nc6 3. d4 cxd4 4. Nxd4 g6 5. Nc3 Bg7 6. Be3 Nf6 7. Bc4 Qa5 8.
O-O O-O 9. Bb3 a6 10. a4 Qc7 11. h3 Qe5 12. f4 Qc7 13. e5 Ne8 14. Nd5 Qd8 15.
Qg4 d6 16. Qh4 dxe5 17. fxe5 Nxe5 18. Nxe7+ Kh8 19. Nxg6+ fxg6 20. Qxd8 Nf6 21.
Qd6 Bf5 22. Qxe5 Rfe8 23. Qf4 Nh5 24. Qf3 Be4 25. Qf7 Rf8 26. Qe7 Rfe8 27. Qf7
Rf8 28. Qe6 Rfe8 29. Qf7 Rf8 30. Qd7 Rfd8 31. Qg4 Nf6 32. Qg3 Nh5 33. Qh4 Re8
34. Rae1 Rf8 35. Qxe4 Rxf1+ 36. Rxf1 Ng3 37. Qxb7 Rd8 38. Rf4 Bh6 39. Rh4 Bxe3+
40. Kh2 Nf1+ 41. Kh1 Ng3+ 42. Kh2 Nf1+ 1/2-1/2

[Event "DEM U12/U12w 2006"]
[Site "Willingen GER"]
[Date "2006.06.05"]
[Round "4"]
[White "Krtschil, Anna"]
[Black "Günther, Elisabeth"]
[Result "1/2-1/2"]
[Termination "normal"]
[Board "46"]
[WhiteElo "1077"]
[BlackElo "969"]
[PlyCount "91"]
[WhiteFideId "4611144"]
[EventCountry "GER"]
[EventRounds "11"]
[EventType "swiss"]
[EventDate "2006.06.03"]

1. e4 e5 2. Nf3 Nc6 3. Bb5 Nf6 4. Qe2 d6 5. c3 Be7 6. O-O Bg4 7. Rd1 O-O 8. d4
Qc8 9. d5 a6 10. Ba4 Nd8 11. Nbd2 c6 12. c4 Nh5 13. Bc2 Nf4 14. Qe1 cxd5 15.
exd5 Bxf3 16. gxf3 Qh3 17. Qf1 Qxf1+ 18. Kxf1 Bh4 19. Ne4 Be7 20. Bxf4 exf4 21.
Re1 b6 22. Re2 Nb7 23. Rae1 h6 24. Nc3 Bf6 25. Re4 Bxc3 26. bxc3 Nc5 27. Rxf4
Rfe8 28. Rxe8+ Rxe8 29. Rd4 Nd7 30. Ba4 Re7 31. Bxd7 Rxd7 32. Re4 Kf8 33. Ke2
Re7 34. Ke3 f5 35. Rxe7 Kxe7 36. Kf4 Kf6 37. a4 a5 38. h3 g5+ 39. Kg3 Kg6 40.
f4 gxf4+ 41. Kxf4 h5 42. h4 Kf6 43. f3 Kg6 44. Ke3 Kf6 45. f4 Ke7 46. Kd3
1/2-1/2

[Event "DEM U12/U12w 2006"]
[Site "Willingen GER"]
[Date "2006.06.05"]
[Round "4"]
[White "Holzmann, Arthur"]
[Black "Vetter, Henrike"]
[Result "0-1"]
[Termination "normal"]
[Board "47"]
[WhiteElo "1099"]
[BlackElo "836"]
[PlyCount "60"]
[EventCountry "GER"]
[EventRounds "11"]
[EventType "swiss"]
[EventDate "2006.06.03"]

1. d4 e6 2. Bf4 d5 3. e3 Nc6 4. Nf3 Nf6 5. Bd3 Bd7 6. O-O Bd6 7. Bg5 e5 8. dxe5
Nxe5 9. Nxe5 Bxe5 10. c3 O-O 11. Qc2 g6 12. Nd2 Be6 13. e4 c6 14. f4 Bd6 15. e5
Qb6+ 16. Kh1 Ng4 17. exd6 Nf2+ 18. Rxf2 Qxf2 19. Rf1 Qc5 20. f5 Bd7 21. Bh6
Rfe8 22. fxg6 f5 23. Bxf5 Qxd6 24. gxh7+ Kh8 25. c4 Bxf5 26. Qc3+ Qe5 27. Rxf5
Qxc3 28. bxc3 dxc4 29. Nxc4 Re1+ 30. Rf1 Rxf1# 0-1

[Event "DEM U12/U12w 2006"]
[Site "Willingen GER"]
[Date "2006.06.05"]
[Round "4"]
[White "Veelders, Wiebke"]
[Black "Rogasch, Miriam"]
[Result "0-1"]
[Termination "normal"]
[Board "48"]
[WhiteElo "997"]
[BlackElo "1085"]
[PlyCount "60"]
[WhiteFideId "1270955"]
[BlackFideId "4616324"]
[EventCountry "GER"]
[EventRounds "11"]
[EventType "swiss"]
[EventDate "2006.06.03"]

1. e4 e5 2. Nf3 Nc6 3. Nc3 Nf6 4. d4 exd4 5. Nxd4 Bb4 6. Nxc6 bxc6 7. Bd3 Bxc3+
8. bxc3 O-O 9. O-O d5 10. exd5 cxd5 11. Bg5 Qd6 12. Qd2 Bb7 13. Bf4 Qc6 14. Kh1
d4 15. f3 dxc3 16. Qe3 Nd5 17. Qe4 Nxf4 18. Qxf4 Ba6 19. Be4 Qc4 20. Bd3 Qxf4
21. Bxa6 Rae8 22. Bb5 Re6 23. Bd7 Rh6 24. Bh3 Rd8 25. Rab1 g5 26. g3 Qd6 27.
Bg2 Qxg3 28. h3 Rd2 29. Rg1 Rxh3+ 30. Bxh3 Qh2# 0-1